| 000 | 02904nam a2200145Ia 4500 | ||
|---|---|---|---|
| 005 | 20260209120131.0 | ||
| 008 | 260209s9999||||xx |||||||||||||| ||und|| | ||
| 100 | _aSachin Maurya | ||
| 245 | 0 | _aEffect of competition law on anti-dumping policy | |
| 260 |
_aBangaloreBangalore _bNLSIU _c2012 |
||
| 300 | _a108 p. ; 25 cm. | ||
| 505 | _aCONTENTS CHAPTER 1; INTRODUCTION ; COMPETITION LAW ; Brief History ; The Raison d'etre of Competition Policy in India ; ANTI-DUMPING LAW ; Kennedy Round (1963-67) regulation ; The Tokyo Round (1973-78) ; The Uruguay Round (GATT 1994) ; Justifications For Anti-Dumping Duty ; CHAPTER 2 ; COMPETITION AND ANTI- DUMPING: AN OVERVIEW ; COMPETITION ACT ; The old law on Competition: MRTP Act, 1969 ; Competition Act, 2002 ; Legal Framework ; ANTI DUMPING LAW ; Legal Framework ; Determination Of Dumping ; Injury To The Domestic Industry ; CHAPTER 3 ; ANTI-DUMPING AND COMPETITION: CONFLICTING AND OVERLAPPING CONCEPTS; OBJECTIVES ; Competition Law ; Anti-Dumping ; Overlap Between Objectives Of Two Set Of Law; PRICE DISCRIMINATION; Competition law ; Anti-dumping Law ; Interface Between The Anti-Dumping And Competition On Issue Of Price Discrimination.; PREDATORY PRICING ; EXTRA-TERRITORIAL APPLICABILITY OF ANTI-DUMPING AND COMPETITION LAW ; CHAPTER 4 ; ANTI COMPETITIVE EFFECT ARISING OUT OF ANTI DUMPING PRACTICES; Does Anti-Competitive Effect Arises From Mere Existence Or The Manner In Which Dumping Laws Are Used? ; From mere existence of anti-dumping rules: From the usage of anti-dumping rules ; Analysis ; CHAPTER 5 ; SHOULD COMPETITION PRINCIPLE BE INTRODUCED IN THE FRAMEWORK OF ANTI-DUMPING? ; Anti-Dumping Law And Economic Efficiency ; Dumping by international price discrimination: Pricing below cost: Anti-Dumping Law And Distributional Fairness: Procedural Criticism Of Anti-Dumping Law ; International Competition Law As An Alternative To Anti-Dumping Law ; Critical Analysis Of Competition Law Approach ; Market power threshold ; Pricing threshold ; Whether competition principle can be introduced into the Anti- dumping agreement?; CHAPTER 6 ; SHOULD ANTI DUMPING LAW BE REPLACED OR HARMONIZED ; Why Do Firms Dump?; Does anti-dumping policy balance out distortions in competition process? ; Are the Laws on Predatory Pricing Any Better than the Anti-dumping Laws? ; Do Predatory Pricing Laws Protect Competition Instead of Competitors? ; Do Predatory Pricing Laws, in Theory at Least, Invariably Protect Consumers? ; Harmonizing The Dumping Law And Competition ; Redefining "Markets" ; Redefining “Dumping” Analysis ; CHAPTER 7 ; IS APPLYING COMPETITION LAWS IN THE COUNTRY OF EXPORT A FEASIBLE SUBSTITUTE FOR THE EXERCISE OF ANTI-DUMPING LAWS BY THE COUNTRY OF IMPORT? ; CHAPTER 8; CONCLUSION ; BIBLIOGRAPHY . | ||
| 700 | _aProf. (Dr.) N L Mitra - GuideProf. (Dr.) N L Mitra - Guide | ||
| 856 | _uhttps://dans.nls.ac.in/handle/123456789/1940 | ||
| 999 |
_c217044 _d217044 |
||